Verejné rozpočty vybrané problémy
Salvato in:
| Autore principale: | |
|---|---|
| Ente Autore: | |
| Altri autori: | , , , |
| Natura: | Libro |
| Lingua: | slovacco |
| Pubblicazione: |
Bratislava
Vydavateľstvo EKONÓM
2015
|
| Edizione: | 1. vyd. |
| Soggetti: | |
| Tags: |
Nessun Tag, puoi essere il primo ad aggiungerne!!
|
MARC
| LEADER | 00000nam a2200000 4500 | ||
|---|---|---|---|
| 001 | 0209289 | ||
| 005 | 20240502073457.8 | ||
| 020 | |a 978-80-225-4142-8 | ||
| 041 | 0 | |a slo | |
| 044 | |a SK | ||
| 245 | 1 | 0 | |a Verejné rozpočty |b vybrané problémy |c Kornélia Beličková, Peter Baláži, Zuzana Brindzová ; recenzenti: Erika Neubauerová, Matej Boór |
| 250 | |a 1. vyd. | ||
| 264 | 1 | |a Bratislava |b Vydavateľstvo EKONÓM |c 2015 | |
| 300 | |a 261 s. [11,68 AH] | ||
| 610 | 2 | 0 | |a rozpočty verejné |
| 610 | 2 | 0 | |a rozpočtovanie |
| 610 | 2 | 0 | |a rozpočtovníctvo |
| 610 | 2 | 0 | |a správa verejná |
| 100 | 1 | |a Beličková, Kornélia, 1966- | |
| 700 | 1 | |a Baláži, Peter | |
| 700 | 1 | |a Brindzová, Zuzana | |
| 700 | 1 | |a Neubauerová, Erika, 1968- | |
| 700 | 1 | |a Boór, Matej, 1988- | |
| 710 | 2 | |a Ekonomická univerzita v Bratislave. Národohospodárska fakulta | |